| 000 | 00534cam a2200205ua 4500 | ||
|---|---|---|---|
| 020 |
_a81 7169 214 1 _c375.00 |
||
| 041 |
_aeng _h |
||
| 082 |
_a627.01 _bSHU/WA |
||
| 100 | _aShukla, S K . | ||
| 245 |
_aWater resources: planning and development / _cS K Shukla. _hTextual Documents |
||
| 250 |
_a1 / _b. |
||
| 260 |
_aNew Delhi : _bCommonwealth Publishers , _c1992. |
||
| 300 | _a339 ; . | ||
| 365 | _a375.00 | ||
| 500 | _a* CSS | ||
| 504 | _a | ||
| 700 | 1 | _aSrivastava, P R . | |
| 942 | _cBK | ||
| 999 |
_c9337 _d9337 |
||